Cities from 'G' by Images - Statistics

General Stats
  • This quiz has been taken 31 times
  • The average score is 5 of 16
Answer Stats
Picture Answer % Correct
Giza
97%
Glasgow
76%
Guangzhou
72%
Genoa
62%
Gdansk
45%
Greensboro
34%
Guatemala City
34%
Guayaquil
34%
Guadalajara
31%
Gaziantep
21%
Goeteborg
21%
Gomel
7%
Gijon
3%
Guarulhos
3%
Gandhinagar
0%
Gunsan
0%
No matching quizzes found
Score Distribution
Percent of People with Each Score
Percentile by Number Answered
Your Score History
You have not taken this quiz